Highest Grossing Movies of 1994 - Statistics

General Stats
  • This quiz has been taken 96 times
  • The average score is 7 of 26
Answer Stats
Rank Gross Movie Company % Correct
1 $968,500,000 The Lion King Walt Disney Pictures
93%
2 $677,900,000 Forrest Gump Paramount Pictures
88%
13 $213,900,000 Pulp Fiction Miramax Films
88%
24 $107,200,000 Ace Ventura: Pet Detective Warner Bros. Pictures
51%
7 $247,300,000 Dumb and Dumber New Line Cinema
51%
4 $351,600,000 The Mask New Line Cinema
51%
3 $378,900,000 True Lies 20th Century Fox
41%
5 $350,400,000 Speed 20th Century Fox
39%
9 $223,700,000 Interview with the Vampire: The Vampire Chronicles Warner Bros. Pictures
34%
8 $245,700,000 Four Weddings and a Funeral Gramercy Pictures
27%
18 $160,600,000 Legends of the Fall TriStar Pictures
24%
10 $215,900,000 Clear and Present Danger Paramount Pictures
20%
6 $341,600,000 The Flintstones Universal Pictures
10%
11 $215,400,000 Beverly Hills Cop III Paramount Pictures
7%
17 $170,400,000 The Specialist Warner Bros. Pictures
7%
26 $101,600,000 Timecop Universal Pictures
7%
12 $214,000,000 Disclosure Warner Bros. Pictures
5%
23 $108,400,000 Junior Universal Pictures
5%
25 $106,700,000 Nell 20th Century Fox
5%
20 $118,000,000 Star Trek Generations Paramount Pictures
5%
15 $189,800,000 The Santa Clause Walt Disney Pictures
5%
19 $131,000,000 Wolf Columbia Pictures
5%
16 $183,000,000 Maverick Warner Bros. Pictures
2%
14 $196,600,000 Stargate Metro-Goldwyn-Mayer
2%
21 $117,600,000 The Client Warner Bros. Pictures
2%
22 $112,000,000 Mary Shelley's Frankenstein TriStar Pictures
0%
No matching quizzes found
Score Distribution
Percent of People with Each Score
Percentile by Number Answered
Your Score History
You have not taken this quiz